<?xml version="1.0" encoding="UTF-8"?><?xml-stylesheet type="text/xsl" href="static/style.xsl"?><OAI-PMH xmlns="http://www.openarchives.org/OAI/2.0/" xmlns:xsi="http://www.w3.org/2001/XMLSchema-instance" xsi:schemaLocation="http://www.openarchives.org/OAI/2.0/ http://www.openarchives.org/OAI/2.0/OAI-PMH.xsd"><responseDate>2026-06-05T13:47:24Z</responseDate><request verb="GetRecord" identifier="oai:riuma.uma.es:10630/31517" metadataPrefix="marc">https://riuma.uma.es/rest/oai/request</request><GetRecord><record><header><identifier>oai:riuma.uma.es:10630/31517</identifier><datestamp>2026-02-03T10:17:40Z</datestamp><setSpec>com_10630_1685</setSpec><setSpec>col_10630_38085</setSpec></header><metadata><record xmlns="http://www.loc.gov/MARC21/slim" xmlns:dcterms="http://purl.org/dc/terms/" xmlns:doc="http://www.lyncode.com/xoai" xmlns:xsi="http://www.w3.org/2001/XMLSchema-instance" xsi:schemaLocation="http://www.loc.gov/MARC21/slim http://www.loc.gov/standards/marcxml/schema/MARC21slim.xsd">
   <leader>00925njm 22002777a 4500</leader>
   <datafield ind2=" " ind1=" " tag="042">
      <subfield code="a">dc</subfield>
   </datafield>
   <datafield ind2=" " ind1=" " tag="720">
      <subfield code="a">González-Jurado, Deborah</subfield>
      <subfield code="e">author</subfield>
   </datafield>
   <datafield ind2=" " ind1=" " tag="260">
      <subfield code="c">2024</subfield>
   </datafield>
   <datafield ind2=" " ind1=" " tag="520">
      <subfield code="a">Este instituto se origina con la finalidad de incentivar y dar soporte formal a la investigación en Estudios Culturales, Artes y Literaturas Contemporáneas en la Universidad de Málaga. Asimismo debe servir como plataforma para estimular la cohesión entre investigadores, artistas y otros elementos del tejido ciudadano, como centros de creación-experimentación, colectivos y asociaciones del ámbito de las manifestaciones artísticas y culturales. La naturaleza de este instituto es intrínsecamente transversal e híbrida, por su carácter científico-artístico y por el amplio acervo de disciplinas humanísticas de sus investigadores. Participan los dominios del saber en el campo de las Humanidades y las Ciencias Sociales tales como la Historia e Historiografía, el Arte y su Historia, la Literatura y el Lenguaje, el Pensamiento y su historia, Culturas Contemporáneas, la Antropología, las relaciones interculturales, los nuevos desarrollos de la Inteligencia artificial en su reciente vinculación con la creatividad y la escritura. Quedan abiertas las posibilidades de incorporación futura de colegas provenientes de otras disciplinas a este Instituto en base a las consabidas interconexiones de las Ciencias Humanísticas –máxime en relación a las manifestaciones artísticas–, pudiendo abarcar especialistas de la Filosofía y la Filosofía e Historia de la Ciencia, las Artes Digitales, las Bellas Artes, la Gestión Cultural, la Sociología, la Didáctica, la Pedagogía y la Psicología, la Geografía urbana y rural, las Ciencias de la Comunicación y la Documentación, el Marketing cultural y la Publicidad, entre otras.</subfield>
   </datafield>
   <datafield ind1="8" ind2=" " tag="024">
      <subfield code="a">GONZÁLEZ-JURADO, Deborah (2023) Memoria científica para la creación del Instituto Universitario de Estudios Culturales, Artes y Literaturas contemporáneas (Ecualcó), Universidad de Málaga, 24 pp.</subfield>
   </datafield>
   <datafield ind1="8" ind2=" " tag="024">
      <subfield code="a">https://hdl.handle.net/10630/31517</subfield>
   </datafield>
   <datafield tag="653" ind2=" " ind1=" ">
      <subfield code="a">Cultura - Proyectos</subfield>
   </datafield>
   <datafield ind2="0" ind1="0" tag="245">
      <subfield code="a">Memoria científica para la creación del Instituto Universitario de Estudios Culturales, Artes y Literaturas contemporáneas (Ecualcó).</subfield>
   </datafield>
</record>
</metadata></record></GetRecord></OAI-PMH>